| 000 | 00542 a2200157 4500 | ||
|---|---|---|---|
| 005 | 20260321115121.0 | ||
| 008 | 260317b |||||||| |||| 00| 0 eng d | ||
| 020 | _a9789370984486 | ||
| 080 |
_aFM _bBEN/MA |
||
| 100 | _aBenyamin | ||
| 245 | _aMulberry, ennodu ninte Zorbayekkurichu parayu(മൾബെറി, എന്നോട് നിൻെറ സോർബയെക്കുറിച്ച് പറയൂ) | ||
| 260 |
_bD C books. _aKottayam. _c2026. |
||
| 300 | _a432 p. | ||
| 653 | _aFiction-Novel-Malayalam literature | ||
| 942 | _cBK | ||
| 999 |
_c115274 _d115273 |
||